Statistics for Guess the Lizzy McAlpine Song with No Hints

Click here to take the quiz!

General Stats

  • This quiz has been taken 32 times
  • The average score is 185 of 261

Answer Stats

Answer% Correct
do
100%
I
100%
you
100%
a
95%
the
95%
when
90%
is
86%
it
86%
my
86%
to
86%
And
81%
and
81%
don't
81%
me
81%
in
76%
then
76%
What
76%
who
76%
But
71%
but
71%
hear
71%
no
71%
so
71%
So
71%
that
71%
I'm
67%
play
67%
shame
67%
there
67%
this
67%
with
67%
are
62%
feel
62%
food
62%
have
62%
hell
62%
problem
62%
throw
62%
up
62%
chemtrails
57%
had
57%
It's
57%
know
57%
like
57%
made
57%
miss
57%
now
57%
see
57%
sky
57%
way
57%
at
52%
away
52%
blame
52%
child
52%
grow
52%
hate
52%
one
52%
plane
52%
right
52%
some
52%
someone
52%
still
52%
table
52%
taking
52%
them
52%
you're
52%
admit
48%
'Cause
48%
else
48%
few
48%
grew
48%
grown-up's
48%
hard
48%
inches
48%
listen
48%
moved
48%
new
48%
Oh
48%
oh
48%
out
48%
showed
48%
song
48%
stable
48%
takes
48%
think
48%
trying
48%
April
43%
band
43%
believe
43%
days
43%
friends
43%
hears
43%
last
43%
lines
43%
name
43%
sand
43%
without
43%
change
38%
missed
38%
As
33%
chance
33%
feels
33%
shout
33%
somewhere
33%
watching
33%
Sometimes
29%

Score Distribution

Percentile by Number Answered

Percent of People with Each Score

Your Score History

You have not taken this quiz